Introducción al estudio de los niños sub y superdotados /
Guardado en:
| Autor Principal: | |
|---|---|
| Formato: | Libro |
| Idioma: | Spanish |
| Publicado: |
Buenos Aires :
Kapelusz,
1959.
|
| Series: | Biblioteca de cultura pedagógica, 25
|
| Etiquetas: |
Agregar Etiqueta
Sin Etiquetas, Sea el primero en etiquetar este registro!
|
| LEADER | 00500nam a22001575a 4500 | ||
|---|---|---|---|
| 001 | EUN.um019421 | ||
| 003 | AR-BaUNS | ||
| 005 | 20050623122859.0 | ||
| 008 | 041125s1959####ag############000#0#spa#d | ||
| 245 | 1 | 0 | |a Introducción al estudio de los niños sub y superdotados / |c Harry J. Baker. |
| 260 | |a Buenos Aires : |b Kapelusz, |c 1959. | ||
| 300 | |a 210 p. | ||
| 490 | 0 | |a Biblioteca de cultura pedagógica, 25 | |
| 100 | 1 | |a Baker, Harry J. | |
| 082 | 0 | 4 | |a 370 |
| 859 | |a Ar-BaUNS |b BIB. CENTRAL - Sector C |h 370 |i B471 |p 2695/963 |v 25 | ||
